| 000 | 01033cam a2200277 i 4500 | ||
|---|---|---|---|
| 001 | 17180065 | ||
| 005 | 20141120140351.0 | ||
| 008 | 120224s2012 caua b 001 0 eng | ||
| 010 | _a 2012005811 | ||
| 020 | _a9781118029435 (pbk.) | ||
| 040 |
_aDLC _beng _cDLC _erda _dDLC |
||
| 042 | _apcc | ||
| 050 | 0 | 0 |
_aLB 1027.47 _b.On64 2012 |
| 082 | 0 | 0 | _a370.15/23 |
| 100 | 1 | _aO'Neill-Blackwell, Jeanine. | |
| 245 | 1 | 0 |
_aEngage : _bthe trainer's guide to learning styles / _cJeanine O'Neill-Blackwell. |
| 260 |
_aU.S.A. : _bJohn Wiley & Sons, Inc., _cc2012. |
||
| 300 |
_axxii, 357 pages : _billustrations ; _c24 cm. |
||
| 490 | 0 | _aPfeiffer essential resources for training and HR professionals | |
| 504 | _aIncludes bibliographical references (pages 345-347) and index. | ||
| 650 | 0 | _aTraining. | |
| 650 | 0 | _aLearning. | |
| 906 |
_a7 _bcbc _corignew _d1 _eecip _f20 _gy-gencatlg |
||
| 942 |
_2lcc _cBK _kFOR |
||
| 999 |
_c276855 _d276855 |
||